| 000 | 00539nam a2200169Ia 4500 | ||
|---|---|---|---|
| 003 | GCL | ||
| 008 | 140319s9999 xx 000 0 ara d | ||
| 040 |
_aGCL / _cGCL |
||
| 082 | 0 | 4 |
_a301.35 _bم م |
| 100 | 1 | _aمحجوب عطية الفائدى | |
| 245 | 1 | 0 |
_aمبادئ علم الاجتماع والمجتمع الريفى / _cمحجوب عطية الفائدى |
| 260 |
_a[S.N] : _bجامعة عمر المختار ، _c1992 |
||
| 300 | _a311 ص | ||
| 490 | _a | ||
| 650 | 0 | 4 | _aعلم الاجتماع الريفى |
| 942 |
_2ddc _cBK |
||
| 999 |
_c44168 _d44168 |
||